000 00402nam a22001337a 4500
005 20241111095437.0
008 241111b |||||||| |||| 00| 0 eng d
020 _a0406065020
245 _aThe All England Law Report 1996 Vol. 2
_cEdited by Vandridge-Ames Caroline LLM
260 _aLondon
_bButterworths
_c1996
300 _axix, 1056 pages
_c23.5 cm
650 _2Law Reports
_xEngland
942 _2lcc
_cBK
_n0
999 _c976
_d976